LEADER 01025nam0-22003131i-450- 001 990005636380403321 005 20120206175817.0 035 $a000563638 035 $aFED01000563638 035 $a(Aleph)000563638FED01 035 $a000563638 100 $a19990604d1979----km-y0itay50------ba 101 0 $aeng 102 $aUS 105 $aa-------00--- 200 1 $aRubens and Rembrandt in their Century$eFlemish and Dutch Drawings of the 17th century from the Pierpont Morgan Library$fFelice Stampfle 210 $aNew York$cPierpont Morgan Library$aOxford$cOxford University Press$d1979 215 $a298 p.$cill.$d29 cm 610 0 $aRubens, Peter Paul 676 $a759.492$v21$zita 700 1$aRubens,$bPetrus Paulus$f<1577-1640>$024173 712 02$aPierpont Morgan Library 801 0$aIT$bUNINA$gRICA$2UNIMARC 901 $aBK 912 $a990005636380403321 952 $a759.49 RUB 3$bST.ARTE 13988$fFLFBC 959 $aFLFBC 996 $aRubens and Rembrandt in their Century$9604868 997 $aUNINA LEADER 01245cam0-22003851i-450 001 990005551410403321 005 20210916162630.0 035 $a000555141 035 $aFED01000555141 035 $a(Aleph)000555141FED01 035 $a000555141 100 $a19990604d1835----km-y0itay50------ba 101 2 $agrc$alat 102 $aDE 105 $ay-------001yy 200 1 $aNicetae Choniatae Historia$fex recensione Immanuelis Bekkeri 205 $aEditio emendatior et copiosior, consilio B.G. Niebuhrii C.F. instituta, auctoritate Academiae Litterarum Regiae Borussicae continuata 210 $aBonnae$cimpensis ed. Weberi$d1835 215 $aXVI, 974 p.$d23 cm 225 1 $aCorpus scriptorum historiae byzantinae 517 1 $aHistoria 676 $a888.02$v22$zita 676 $a907.2$v22$zita 676 $a949.5$v20$zita 700 1$aNicetas Choniates$0386563 702 1$aBekker,$bImmanuel$f<1785-1871> 702 1$aNiebuhr,$bBarthold Georg$f<1776-1831> 801 0$aIT$bUNINA$gRICA$2UNIMARC 901 $aBK 912 $a990005551410403321 952 $aSG 880/B 74$bARCH. 5276$fFLFBC 952 $aSG 880/B 74 BIS$b3938$fFLFBC 959 $aFLFBC 996 $aNicetae Choniatae Historia$9569065 997 $aUNINA LEADER 03496nam 2200697 a 450 001 9910461856403321 005 20200520144314.0 010 $a1-283-39556-8 010 $a9786613395566 010 $a1-4166-1443-5 010 $a1-4166-1444-3 010 $a1-4166-1436-2 035 $a(CKB)2670000000139879 035 $a(EBL)832265 035 $a(OCoLC)771875988 035 $a(SSID)ssj0000575763 035 $a(PQKBManifestationID)12230776 035 $a(PQKBTitleCode)TC0000575763 035 $a(PQKBWorkID)10552472 035 $a(PQKB)11234456 035 $a(MiAaPQ)EBC832265 035 $a(Au-PeEL)EBL832265 035 $a(CaPaEBR)ebr10524489 035 $a(CaONFJC)MIL339556 035 $a(EXLCZ)992670000000139879 100 $a20111028d2011 uy 0 101 0 $aeng 135 $aur|n|---||||| 181 $ctxt 182 $cc 183 $acr 200 10$aCreating a healthy school$b[electronic resource] $eusing the healthy school report card /$f[David K. Lohrmann, Sandra Vamos, Paul Yeung] 205 $aCanadian 2nd ed. 210 $aAlexandria, Va. $cASCD$d2011 215 $a1 online resource (221 p.) 300 $a"an ASCD action tool"--Cover. 311 $a1-4166-1428-1 320 $aIncludes bibliographical references. 327 $aCover; Title Page; Copyright; Table of Contents; Acknowledgments; Downloads; Electronic Tools and Resources; INTRODUCTION; What Is Healthy School Communities?; The Purpose of the Healthy School Report Card-Canadian Edition; Key Understandings About the Healthy School Report Card-Canadian Edition; Healthy School Communities and the Whole Child; STEP 1: ORGANIZING; Organizing for the Healthy School Report Card-Canadian Edition Process; Tools for Organizing; STEP 2: SCORING; Scoring Your School; Tools for Scoring; The Healthy School Report Card-Canadian Edition; STEP 3: REPORTING 327 $aReporting the DataTools for Reporting; STEP 4: USING THE RESULTS; Using the Results of the Healthy School Report Card-Canadian Edition; Tools for Using the Results; APPENDIX; Methodology; References; Resources; Healthy School Report Card Expert Panel; Field Test Sites; Healthy School Community Pilot Sites; About the Authors; Search this Book 330 $aUpdated to reflect current research and new standards, this Canadian edition of the action tool guides you through the process of assessing your school's health programming and working with the community to create a healthy school environment. It is an essential resource for educators who are committed to helping students be emotionally and physically healthy, motivated, civically engaged, and prepared for work and economic self-sufficiency. 606 $aSchool health services$zUnited States$xEvaluation 606 $aSchool health services$zUnited States$xPlanning 606 $aSchool children$xHealth and hygiene$zUnited States 606 $aSchool hygiene$zUnited States 608 $aElectronic books. 615 0$aSchool health services$xEvaluation. 615 0$aSchool health services$xPlanning. 615 0$aSchool children$xHealth and hygiene 615 0$aSchool hygiene 676 $a371.7/1 700 $aLohrmann$b David K$0959312 701 $aVamos$b Sandra$0993449 701 $aYeung$b Paul$0993450 801 0$bMiAaPQ 801 1$bMiAaPQ 801 2$bMiAaPQ 906 $aBOOK 912 $a9910461856403321 996 $aCreating a healthy school$92274687 997 $aUNINA